| 000 | 00513nam a22001097a 4500 | ||
|---|---|---|---|
| 008 | 110706t xxu||||| |||| 00| 0 eng d | ||
| 010 | _aCACA F-140 | ||
| 245 | _aThe Court of Appeal Criminal Appeal No. 57 of 2000 Original High Court Criminal Session Case No. 0022/99 Uganda Vs No.25695 D/CPL Bakulu John | ||
| 260 | _c2000 | ||
| 500 | _aDated at Kampala this17th day of August 2000 | ||
| 999 |
_c4558 _d4558 |
||